Repensando lo público a través de la sociedad: nuevas formas de gestión pública y representación social

I tiakina i:
Ngā taipitopito rārangi puna kōrero
Kaituhi matua: Cunill Grau, Nuria (Author)
Hōputu: Pukapuka
Reo:Pāniora
I whakaputaina: Caracas Nueva Sociedad 1997
Ngā marau:
Ngā Tūtohu: Tāpirihia he Tūtohu
Kāore He Tūtohu, Me noho koe te mea tuatahi ki te tūtohu i tēnei pūkete!

MARC

LEADER 00000nam a2200000 a 4500
001 UCP3117
003 CL-VaPUC
008 990611e19970000VE |||||||||||||||||spa|d
082 0 4 |a 303.32  |b CUN  |2 21 
100 0 |a Cunill Grau, Nuria  |e author  |9 430238 
245 1 0 |a Repensando lo público a través de la sociedad: nuevas formas de gestión pública y representación social 
300 |a 320 p 
942 |c BK 
945 |d 19990611 00:00:00  |a rbrito 
260 |a Caracas  |b Nueva Sociedad  |c 1997 
650 0 |a Socialización  |9 309940 
650 0 |a Estado  |9 255503 
650 0 |a Democracia  |9 255256 
650 0 |a Participación ciudadana  |9 330304 
650 0 |a Política  |9 255312 
650 0 |a Administración pública   |9 255343 
651 0 |a América Latina   |9 255027 
583 |a last modification  |c 19990611 00:00:00  |k Rodrigo Vera 
999 |c 281546  |d 281544 
952 |0 0  |1 0  |4 0  |6 303_320000000000000_CUN_1997  |7 0  |8 A  |9 322335  |a BIBGIM  |b BIBGIM  |d 2019-11-20  |i 3510999  |l 1  |m 1  |o 303.32 CUN 1997  |p 3510999  |r 2025-01-15  |s 2023-09-13  |w 2019-11-20  |y BK  |k SSL